Datum a čas kvízu
22
Celkem bodů
Celkový počet nahraných bodů na tomto kvízu bez doplňovacích otázek.
7.
Pořadí na kvízu
Konečné umístění týmu na tomto kvízu.
Zaznamenané odpovědi
| # | Otázka | Odpověď | Body | Výsledky |
|---|---|---|---|---|
| 1. | Vůz Škoda 1200 z roku 1955, pr... | Jandera | 0 | |
| 2. | Aukční síň Freeman’s-Hindman u... | Abraham Lincoln | 1 | |
| 3. | Ve středu a ve čtvrtek se před... | John Malkovich | 0 | |
| 4. | Kmen Marubo z Amazonského pral... | C) na pornu | 0 | |
| 5. | O víkendu se poblíž jednoho mě... | Nové Město na Moravě | 1 | |
| 6. | V tomto tématu se podíváme na... | Robert Kennedy | 0 | |
| 7. | Jak se jmenuje tento muž? Opět... | Casey Affleck | 0 | |
| 8. | Tentokrát nás zajímá příjmení... | Dana Hlaváčová; Dora | 0 | |
| 9. | Jak se jmenuje tento muž? Tent... | Etzler; novinář | 1 | |
| 10. | Napište jméno a příjmení tohot... | Ralf Schumacher | 1 |